Catálogo

Acceso de las mujeres a una vida libre de violencia en los países de las américas / (Registro nro. 29260)

Detalles MARC
000 -LEADER
fixed length control field 01583cam a2200325 i 4500
001 - CONTROL NUMBER
control field 29260
003 - CONTROL NUMBER IDENTIFIER
control field Mx-PuUPA
005 - DATE AND TIME OF LATEST TRANSACTION
control field 20250303104517.0
008 - FIXED-LENGTH DATA ELEMENTS--GENERAL INFORMATION
fixed length control field 140415s2012 mx gr 000 0 spa d
040 ## - CATALOGING SOURCE
Transcribing agency Mx-PuUPA
Original cataloging agency Mx-PuUPA
Language of cataloging spa
Modifying agency Mx-PuUPA
Description conventions rda
041 0# - LANGUAGE CODE
Language code of text/sound track or separate title spa
110 2# - MAIN ENTRY--CORPORATE NAME
Corporate name or jurisdiction name as entry element Confedereación Parlamentaria de las Américas
245 10 - TITLE STATEMENT
Title Acceso de las mujeres a una vida libre de violencia en los países de las américas /
Statement of responsibility, etc. Confederación Parlamentaria de las Américas, Centro de Estudios para el Adelanto de las Mujeres y la Equidad de Género [y otros tres] ; elaboraron, Janeth Pérez Olvera, Adriana Romero de Nova [y otros cinco].
264 #1 - PRODUCTION, PUBLICATION, DISTRIBUTION, MANUFACTURE, AND COPYRIGHT NOTICE
Place of production, publication, distribution, manufacture México, D. F. :
Name of producer, publisher, distributor, manufacturer Centro de Estudios para el Adelanto de las Mujeres y la Equidad de Género,
Date of production, publication, distribution, manufacture, or copyright notice 2012
300 ## - PHYSICAL DESCRIPTION
Extent 142 páginas ;
Dimensions 23 cm
336 ## - CONTENT TYPE
Fuente rdacontent
Content type term texto
Content type code txt
337 ## - MEDIA TYPE
Source rdamedia
Media type term sin medio
Media type code n
338 ## - CARRIER TYPE
Source rdacarrier
Carrier type term volumen
Carrier type code nc
650 #7 - SUBJECT ADDED ENTRY--TOPICAL TERM
9 (RLIN) 13986
Source of heading or term armarc
Topical term or geographic name entry element Delitos contra la mujer
Form subdivision Legislación
Geographic subdivision México
650 #7 - SUBJECT ADDED ENTRY--TOPICAL TERM
Source of heading or term armarc
Topical term or geographic name entry element Mujeres
General subdivision Condición jurídica
Form subdivision Leyes
Geographic subdivision América Latina
650 #7 - SUBJECT ADDED ENTRY--TOPICAL TERM
Source of heading or term armarc
Topical term or geographic name entry element Violecia contra las mujeres
Form subdivision Legislación
Geographic subdivision América Latina
700 1# - ADDED ENTRY--PERSONAL NAME
Personal name Pérez Olvera, Janeth,
Relator term colaborador
9 (RLIN) 16729
700 1# - ADDED ENTRY--PERSONAL NAME
Personal name Romero de Nova, Adriana,
Relator term colaborador
710 2# - ADDED ENTRY--CORPORATE NAME
Corporate name or jurisdiction name as entry element Centro de Estudios para el Adelanto de las Mujeres y la Equidad de Género
Relator term editor
9 (RLIN) 2652
942 ## - ADDED ENTRY ELEMENTS (KOHA)
Source of classification or shelving scheme Dewey Decimal Classification
Koha item type Libro
Classification part 342.980878
Item part A65
Existencias
Withdrawn status Lost status Source of classification or shelving scheme Damaged status Not for loan Collection code Home library Current library Shelving location Date acquired Source of acquisition Total Checkouts Full call number Barcode Date last seen Price effective from Koha item type
    Dewey Decimal Classification     General Biblioteca Karol Wojtyla Biblioteca Karol Wojtyla Sala general 03/12/2013 Donación   342.980878 A65 2012 46211 05/01/2026 03/12/2013 Libro